| 000 | 02520cam a22005894i 4500 | ||
|---|---|---|---|
| 003 | PE-LiUPU | ||
| 005 | 20250731180140.0 | ||
| 008 | 150706s r 000 0 d | ||
| 020 | _a9706861351 | ||
| 035 | _a(Sirsi) i9789706861351 | ||
| 040 |
_aPE-LiUPU _bspa _cPE-LiUPU _erda |
||
| 049 | _aPRUA | ||
| 082 | 0 | 4 |
_a515 _bW23 _221 |
| 100 | 1 |
_aWaner, Stefan, _eautor. |
|
| 245 | 1 | 0 |
_aCálculo aplicado / _cStefan Waner y Steven R. Costenoble. |
| 250 | _a2a | ||
| 264 | 1 |
_aMéxico : _bThomson Learning, _c2002. |
|
| 300 |
_a503, 57, 11 páginas : _bilustraciones ; _c26 centímetrose2 CD-ROM |
||
| 336 |
_atext _2rdacontent |
||
| 337 |
_aunmediated _2rdamedia |
||
| 338 |
_avolume _2rdacarrier |
||
| 505 | 0 | _aFunciones y modelos lineales -- Modelos no lineales -- Introducción a la derivada -- Técnicas de diferenciación -- Aplicaciones de la derivada -- La integral -- Más sobre integración: técnicos y aplicaciones de la integral -- Funciones de varias variables -- Repaso de álgebra -- Respuesta a ejercicios seleccionados. | |
| 526 | _aSEG44 | ||
| 526 | _aSEG26 | ||
| 526 | _aP159 | ||
| 526 | _aP155 | ||
| 526 | _aP154 | ||
| 526 | _aP153 | ||
| 526 | _aP150 | ||
| 526 | _aP100 | ||
| 526 | _aP31 | ||
| 526 | _aP30 | ||
| 526 | _aP26 | ||
| 526 | _aP25 | ||
| 526 | _aP24 | ||
| 526 | _aP22 | ||
| 526 | _aP15 | ||
| 526 | _aP10 | ||
| 541 | _g003-001055; | ||
| 541 | _g015-0012799; | ||
| 650 | 0 | 4 | _aCálculo. |
| 700 | 1 |
_aCostenoble, Steven R., _eautor. |
|
| 700 | 1 |
_aGonzález Pozo, Virgilio, _etr. |
|
| 910 | _agl20090805 | ||
| 942 |
_2ddc _cBOOK |
||
| 949 |
_a515 W23 _wDEWEY _c1 _i63059 _d2016-9-15 _e2016-9-13 _lCCODEBUL1 _mBUL _n2 _p33.00 _r0 _sY _tBOOK _u2015-7-6 _xINGENIERIA _zUNKNOWN _0COMPRA _o.STAFF. Colección General |
||
| 949 |
_a515 W23 _wDEWEY _c2 _i59865 _d2016-4-11 _e2016-4-6 _lCCODEBUL1 _mBUL _n3 _p49.00 _r0 _sY _tBOOK _u2015-7-6 _xINGENIERIA _PP27 _0COMPRA _o.STAFF. Colección General |
||
| 994 |
_aC0 _bPEPRU |
||
| 596 | _a1 | ||
| 999 |
_a515 W23 _wDEWEY _c49397 _i63059 _d49397 _e2019-9-25 _f2021-11-5 _g7 _lCCODEBUL1 _mBUL _n5 _p33.00 _q2 _r0 _sY _tBOOK _u2015-7-6 _xBIBLIOTECA _zUNKNOWN _0COMPRA _o.STAFF. Colección General |
||
| 999 |
_a515 W23 _wDEWEY _c2 _i59865 _d2018-10-1 _e2018-9-17 _f2021-11-9 _g7 _lCCODEBUL1 _mBUL _n5 _p49.00 _q1 _r0 _sY _tBOOK _u2015-7-6 _xINGENIERIA _PP27 _0COMPRA _o.STAFF. Colección General |
||
| 980 |
_81 _gALBERTO SANCHEZ Responsable de Automatización |
||